| 000 | 00393nam a22001337a 4500 | ||
|---|---|---|---|
| 003 | OSt | ||
| 082 |
_a631.3 _bATH/D |
||
| 088 | _aT 495 | ||
| 100 | _aAthira P | ||
| 245 | _aDevelopment of a semi-autonomous robotic platform for intercultural operations in row crops | ||
| 260 |
_aTavanur _bDept of Farm machinery and power engineering, KCAET _c2020 |
||
| 700 |
_aShaji James P _92972 |
||
| 942 | _cTH | ||
| 999 |
_c17304 _d17304 |
||